| 000 | 00364 a2200097 4500 | ||
|---|---|---|---|
| 082 | _a388.1 QUR | ||
| 100 | _aNadeem Anwer Qureshi | ||
| 245 |
_aHot in Place Recycling Experience on Motor Way (M - 2) in Pakistan [MS Thesis] / _cNadeem Anwer Qureshi |
||
| 260 |
_aRisalpur : _bNational Institute of Transportation, _c2008 |
||
| 300 |
_avarious Pages _b30 cm _cCD |
||
| 650 | _aTransportation Engineering | ||
| 999 |
_c1998 _d1998 |
||